Moderné metódy riadenia lineárneho servopohonu s využitím prvkov umelej inteligencie

Na minha lista:
Detalhes bibliográficos
Autor principal: Holka, Peter (Author)
Outros Autores: Mudráková, Tatiana (Thesis advisor)
Formato: Manuscrito Livro
Idioma:eslovaco
inglês
Publicado em: 2015
Assuntos:
Acesso em linha:http://is.stuba.sk/zp/portal_zp.pl?podrobnosti=108569
Tags: Adicionar Tag
Sem tags, seja o primeiro a adicionar uma tag!

MARC

LEADER 00000ntm a22000003a 4500
001 stuzp51957
003 SK-STU
005 20160719154022.0
007 ta
008 150427s2015----xo-----f-mn---000-0-slo-d
040 |a STU  |b slo 
041 0 |a eng 
100 1 |a Holka, Peter  |u 031000  |4 aut  |U FEI Fakulta elektrotechniky a informatiky  |T FEI Ústav robotiky a kybernetiky  |X 5616  |U E011  |Y 356  |7 A000005616 
242 0 1 |a Moderné metódy riadenia lineárneho servopohonu s využitím prvkov umelej inteligencie  |y slo 
245 1 0 |a Moderné metódy riadenia lineárneho servopohonu s využitím prvkov umelej inteligencie 
260 |c 2015 
300 |a 67 s., príl.  |b CD-ROM 
650 4 |a PID  |2 slo 
650 4 |a lineárny motor  |2 slo 
650 4 |a genetický algoritmus  |2 slo 
650 4 |a PSD  |2 slo 
650 4 |a optoodeľovač  |2 slo 
650 4 |a IRC  |2 slo 
650 4 |a Controller  |2 eng 
650 4 |a Linear Motor  |2 eng 
650 4 |a PID  |2 eng 
650 4 |a PSD  |2 eng 
650 4 |a Optocoupler  |2 eng 
650 4 |a Genetic Algorithm  |2 eng 
700 1 |a Mudráková, Tatiana  |4 ths  |X 11955  |7 A000011955 
856 4 |u http://is.stuba.sk/zp/portal_zp.pl?podrobnosti=108569 
996 |b 284EP11080  |c E*DIPL- 11080  |l EE31  |s P  |a 0  |w stuzp51957_0001 
SQL |a stuzp51957  |b DDP  |c ENG  |d Moderné metódy riadenia lineárneho servopohonu s využitím prvkov umelej inteligencie  |e 5616  |f Holka, Peter  |g 031000  |h 11955  |i Mudráková, Tatiana  |j 20150616  |k 84  |l 03  |m http://is.stuba.sk/zp/portal_zp.pl?podrobnosti=108569  |n I-ROB  |o 5.2.14. automatizácia